00464 2200181 4500001002100000005001500021035002000036245002400056100001900080250002000099300002600119260004900145082001000194084001600204020001500220600002700235990002000262INLIS00000000003672920240809025108 a0010-08240001251 aSocial Intelligence0 aDaniel Goleman aCetakan Pertama a546 hlm ;c23 x 15 cm aJakarta :bPT. Gramedia Pustaka Utama,c2007 a158.2 a158.2 DAN s a9792229264 4aHubungan antar Manusia a57602/Hibah asn